Effect of nitrogen fertilizer on cucumber yeild,(ឥទ្ធិពលនៃការប្រើប្រាស់កំរិតជីអាសូតខុសៗគ្នា ទៅលើទិន្នផលដំណាំត្រសក់) (Record no. 1170)

000 -LEADER
fixed length control field 00609nam a22001577a 4500
003 - CONTROL NUMBER IDENTIFIER
control field OSt
005 - DATE AND TIME OF LATEST TRANSACTION
control field 20150923173115.0
008 - FIXED-LENGTH DATA ELEMENTS--GENERAL INFORMATION
fixed length control field 150923b xxu||||| |||| 00| 0 eng d
040 ## - CATALOGING SOURCE
Transcribing agency RUA
082 ## - DEWEY DECIMAL CLASSIFICATION NUMBER
Classification number AGR VEN 2011 B048 Or.1
100 ## - MAIN ENTRY--PERSONAL NAME
9 (RLIN) 1226
Personal name VENN SAMPHORS
245 ## - TITLE STATEMENT
Title Effect of nitrogen fertilizer on cucumber yeild,(ឥទ្ធិពលនៃការប្រើប្រាស់កំរិតជីអាសូតខុសៗគ្នា ទៅលើទិន្នផលដំណាំត្រសក់)
260 ## - PUBLICATION, DISTRIBUTION, ETC. (IMPRINT)
Place of publication, distribution, etc. phnom penh
Name of publisher, distributor, etc. RUA
Date of publication, distribution, etc. 2011
300 ## - PHYSICAL DESCRIPTION
Extent x, 34p.
Dimensions ill.
Size of unit 29cm.
942 ## - ADDED ENTRY ELEMENTS (KOHA)
Source of classification or shelving scheme
Koha item type AGR
Holdings
Price effective from Date last seen Permanent Location Not for loan Date acquired Source of classification or shelving scheme Koha item type Lost status Withdrawn status Total Renewals Date last checked out Total Checkouts Shelving location Damaged status Barcode Current Location Full call number
2015-09-232023-11-20Library Block B 2015-09-23 AGR  12023-10-3112B048 RUA000267Library Block BAGR VEN 2011 B048 Or.1
មជ្ឈមណ្ឌលឯការនៃសាកលវិទ្យាល័យភូមិន្ទកសិកម្មចំការដូង

Powered by Koha